|
|
|
|
| LEADER |
00000cam a22000004a 4500 |
| 001 |
musev2_74614 |
| 003 |
MdBmJHUP |
| 005 |
20230905051728.0 |
| 006 |
m o d |
| 007 |
cr||||||||nn|n |
| 008 |
181203s1991 mx o 00 0 spa d |
| 020 |
|
|
|a 9786076289075
|
| 020 |
|
|
|z 9789681204860
|
| 035 |
|
|
|a (OCoLC)1076953374
|
| 040 |
|
|
|a MdBmJHUP
|c MdBmJHUP
|
| 100 |
1 |
|
|a Lezama, José Luis,
|e auteur.
|
| 245 |
1 |
0 |
|a Sociedad, espacio y población :
|b temas relevantes de sociología para la demografía y el desarrollo urbano /
|c José Luis Lezama.
|
| 250 |
|
|
|a Primera edición.
|
| 264 |
|
1 |
|a México :
|b Colegio de México, Centro de Estudios Demográficos y deDesarrollo Urbano,
|c 1991.
|
| 264 |
|
3 |
|a Baltimore, Md. :
|b Project MUSE,
|c 2020
|
| 264 |
|
4 |
|c ©1991.
|
| 300 |
|
|
|a 1 online resource.
|
| 336 |
|
|
|a text
|b txt
|2 rdacontent
|
| 337 |
|
|
|a computer
|b c
|2 rdamedia
|
| 338 |
|
|
|a online resource
|b cr
|2 rdacarrier
|
| 490 |
0 |
|
|a Documentos de docencia ;
|v núm. 5
|
| 506 |
0 |
|
|a Open Access
|f Unrestricted online access
|2 star
|
| 588 |
|
|
|a Description based on print version record.
|
| 650 |
|
7 |
|a Sociology, Urban.
|2 fast
|0 (OCoLC)fst01123961
|
| 650 |
|
7 |
|a Sociology.
|2 fast
|0 (OCoLC)fst01123875
|
| 650 |
|
6 |
|a Sociologie urbaine.
|
| 650 |
|
6 |
|a Sociologie.
|
| 650 |
|
0 |
|a Sociology.
|
| 650 |
|
0 |
|a Sociology, Urban.
|
| 655 |
|
7 |
|a Electronic books.
|2 local
|
| 710 |
2 |
|
|a Colegio de México.
|b Centro de Estudios Demográficos y de DesarrolloUrbano.
|
| 710 |
2 |
|
|a Project Muse.
|e distributor
|
| 830 |
|
0 |
|a Book collections on Project MUSE.
|
| 856 |
4 |
0 |
|z Texto completo
|u https://projectmuse.uam.elogim.com/book/74614/
|